000
00323nam a22001337a 4500
008
180224b xxu||||| |||| 00| 0 eng d
020
_a
685002001
041
_a
eng
080
_a
338
100
_a
53
101
_a
MNG
245
_a
Strategic Management in Public and Nonprofit Organizations
_c
Koteen, J
942
_2
udc
_c
BK
999
_c
43360
_d
43360